|
|
|
|
| LEADER |
00000cam a22000004a 4500 |
| 001 |
musev2_5548 |
| 003 |
MdBmJHUP |
| 005 |
20230905040646.0 |
| 006 |
m o d |
| 007 |
cr||||||||nn|n |
| 008 |
120411r20121995cc o 00 0 eng d |
| 020 |
|
|
|a 9789882200654
|
| 020 |
|
|
|z 9789622093805
|
| 035 |
|
|
|a (OCoLC)651002972
|
| 040 |
|
|
|a MdBmJHUP
|c MdBmJHUP
|
| 041 |
0 |
|
|a eng
|b chi
|
| 043 |
|
|
|a a-cc---
|
| 050 |
|
4 |
|a KNQ470
|b .L6 1995
|
| 100 |
1 |
|
|a Lu, Yonghong.
|
| 245 |
1 |
0 |
|a China's Legal Awakening :
|b Legal Theory and Criminal Justice in Deng's Era /
|c Carlos Wing-hung Lo.
|
| 264 |
|
1 |
|a Hong Kong [China] :
|b Hong Kong University Press,
|c 1995.
|
| 264 |
|
3 |
|a Baltimore, Md. :
|b Project MUSE,
|c 2012
|
| 264 |
|
4 |
|c ©1995.
|
| 300 |
|
|
|a 1 online resource (402 pages):
|b digital file.
|
| 336 |
|
|
|a text
|b txt
|2 rdacontent
|
| 337 |
|
|
|a computer
|b c
|2 rdamedia
|
| 338 |
|
|
|a online resource
|b cr
|2 rdacarrier
|
| 490 |
0 |
|
|a HKU Press law series
|
| 500 |
|
|
|a Issued as part of book collections on Project MUSE.
|
| 504 |
|
|
|a Includes bibliographical references (p. [349]-364) and index.
|
| 505 |
0 |
|
|a pt. 1. Marxism in Deng's China -- pt. 2. Legal reform and the practice of law: case studies in the administration of criminal justice, 1979-1989 -- pt. 3. Towards a Chinese socialist system and a Chinese theory of law.
|
| 506 |
|
|
|a Access restricted to authorized users and institutions.
|
| 546 |
|
|
|a Appendix 2 and glossary in English and Chinese.
|
| 588 |
|
|
|a Description based on print version record.
|
| 600 |
1 |
0 |
|a Teng, Hsiao-pʻing,
|d 1904-
|
| 650 |
|
0 |
|a Law reform
|z China.
|
| 650 |
|
0 |
|a Criminal justice, Administration of
|z China.
|
| 651 |
|
0 |
|a China
|x Politics and government
|y 1976-
|
| 655 |
|
7 |
|a Electronic books.
|2 local
|
| 710 |
2 |
|
|a Project Muse.
|
| 776 |
1 |
8 |
|i Print version:
|z 9622093809
|z 9789622093805
|w (DLC) 96104525
|
| 710 |
2 |
|
|a Project Muse.
|e distributor
|
| 830 |
|
0 |
|a HKU Press law series.
|
| 830 |
|
0 |
|a Book collections on Project MUSE.
|
| 856 |
4 |
0 |
|z Texto completo
|u https://projectmuse.uam.elogim.com/book/5548/
|
| 945 |
|
|
|a Project MUSE - Custom Collection
|
| 945 |
|
|
|a Project MUSE - Archive Complete Foundation
|
| 945 |
|
|
|a Project MUSE - Archive Political Science and Policy Studies Foundation
|
| 945 |
|
|
|a Project MUSE - Archive Asian and Pacific Studies Foundation
|